Global finance

Na minha lista:
Detalhes bibliográficos
Formato: Periódico
Idioma:inglês
Publicado em: New York Global Finance Media
Assuntos:
Tags: Adicionar Tag
Sem tags, seja o primeiro a adicionar uma tag!

MARC

LEADER 00000nas1a2200000 4500
001 s121445
005 20230522130514.2
022 |a 0896-4181 
041 0 |a eng 
044 |a US 
245 1 0 |a Global finance 
264 1 |a New York  |b Global Finance Media 
610 2 0 |a financie medzinárodné 
610 2 0 |a investície priame zahraničné